| 000 | 01444cam a22003735a 4500 | ||
|---|---|---|---|
| 001 | 14317016 | ||
| 005 | 20150824110950.0 | ||
| 006 | a||||f |||| 00| 0 | ||
| 008 | 060327t2006 cauab b 001 0 eng | ||
| 010 | _a 2006010177 | ||
| 020 | _a1589481437 | ||
| 020 | _a9781589481435 | ||
| 035 | _a(OCoLC)ocm66463470 | ||
| 040 |
_aDLC _beng _dBAKER _cDLC _dC#P _dYDXCP _dDLC _dEG-ScBUE |
||
| 042 | _apcc | ||
| 050 | 0 | 0 |
_aHT166 _b.P333 2006 |
| 082 | 0 | 4 |
_a307.12160285 _222 _bPAM |
| 100 | 1 |
_aPamuk, Ayşe. _94834 |
|
| 245 | 1 | 0 |
_aMapping global cities : _bGIS methods in urban analysis / _cAyşe Pamuk. |
| 260 |
_aRedlands : _bESRI Press, _c2006. |
||
| 300 |
_axix, 182 p. : _bill. (col.) ; _c23 cm. + _e1 CD-ROM (4 3/4 in.) |
||
| 500 | _aIndex : p. 173-182. | ||
| 504 | _aBibliography : p. 153-166. | ||
| 590 | _aMohamed Hussein | ||
| 650 | 0 |
_aCity planning. _94835 _2BUEsh |
|
| 650 | 0 |
_aGeographic information systems. _94836 _2BUEsh |
|
| 651 | _2BUEsh | ||
| 653 |
_bBUSBOL _cAugust2015 |
||
| 856 | 4 | 1 |
_3Table of contents only _uhttp://www.loc.gov/catdir/toc/ecip0611/2006010177.html |
| 856 | 4 | 2 |
_3Contributor biographical information _uhttp://www.loc.gov/catdir/enhancements/fy0634/2006010177-b.html |
| 856 | 4 | 2 |
_3Publisher description _uhttp://www.loc.gov/catdir/enhancements/fy0634/2006010177-d.html |
| 942 |
_2ddc _cBB |
||
| 999 |
_c11554 _d11554 |
||